[Event "8. Open Bali sub-2300"]
[Site "Benidorm ESP"]
[Date "2009.11.28"]
[Round "1.6"]
[White "Minnican, Alan"]
[Black "Trepat Herranz, Joan"]
[Result "0-1"]
[WhiteElo "2105"]
[BlackElo "2284"]
[PlyCount "94"]
[EventDate "2009.11.28"]
[EventType "swiss"]
[EventRounds "10"]
[EventCountry "ESP"]
[Source "lmi"]
[SourceDate "2009.11.28"]

1. d4 d5 2. Bf4 c5 3. e3 Nc6 4. c3 e6 5. Nf3 Bd6 6. Bg3 Nf6 7. Nbd2 O-O 8. Bd3
Re8 9. Ne5 Bxe5 10. dxe5 Nd7 11. f4 c4 12. Bb1 Qb6 13. O-O Qxb2 14. Qh5 g6 15.
Qh6 Qxd2 16. f5 exf5 17. Bxf5 Ndxe5 18. Bh4 Ng4 19. Bxg4 Qxe3+ 20. Qxe3 Rxe3
21. Bxc8 Rxc8 22. Rad1 Rxc3 23. Rxd5 Rd3 24. Rxd3 cxd3 25. Rd1 Ne5 26. Bg3 Ng4
27. h3 d2 28. Bf4 Rc1 29. Rxc1 dxc1=Q+ 30. Bxc1 Ne5 31. Bh6 f5 32. Kf2 Kf7 33.
Ke3 Ke6 34. Kd4 Nd7 35. g4 fxg4 36. hxg4 Nf6 37. g5 Nd7 38. Bg7 Kf7 39. Bh6 Nb6
40. Kc5 Nc8 41. Kd5 Ne7+ 42. Kd6 Nf5+ 43. Kc7 Nxh6 44. Kxb7 Nf5 45. Kxa7 h5 46.
gxh6 g5 47. h7 Kg7 0-1

[Event "8. Open Bali sub-2300"]
[Site "Benidorm ESP"]
[Date "2009.11.28"]
[Round "1.8"]
[White "Jensen, Stein"]
[Black "Chueca Forcen, Alberto"]
[Result "1-0"]
[WhiteElo "2102"]
[BlackElo "2280"]
[PlyCount "131"]
[EventDate "2009.11.28"]
[EventType "swiss"]
[EventRounds "10"]
[EventCountry "ESP"]
[Source "lmi"]
[SourceDate "2009.11.28"]

1. e4 c5 2. Nc3 Nc6 3. g3 g6 4. d3 Bg7 5. Be3 Nd4 6. Qd2 e6 7. Bg2 Ne7 8. Nd1
Qb6 9. c3 Ndc6 10. Nf3 d5 11. Bh6 O-O 12. O-O Rd8 13. Qc1 e5 14. h4 f6 15. Be3
d4 16. cxd4 cxd4 17. Qc4+ Kh8 18. Bd2 Bd7 19. h5 g5 20. Nh2 Rac8 21. Bf3 Nb8
22. Qf7 Qe6 23. Qxe6 Bxe6 24. Bg4 Bxg4 25. Nxg4 Rc2 26. Bb4 Nec6 27. Be1 h6 28.
f4 Nd7 29. fxg5 fxg5 30. Rf2 Rxf2 31. Kxf2 Kg8 32. Rc1 Kf7 33. b3 Ke6 34. Nb2
Bf8 35. Nc4 Bb4 36. Ke2 Rh8 37. a3 Be7 38. a4 Nf6 39. Nxf6 Bxf6 40. b4 g4 41.
b5 Nd8 42. Na5 Kd7 43. Bd2 Be7 44. Rf1 Ke6 45. Rf5 Rh7 46. Nc4 Nf7 47. Ba5 Rg7
48. Bc7 Bf6 49. Bb8 a6 50. b6 Rg5 51. Rxg5 Bxg5 52. Bc7 Bd8 53. Nxe5 Nxe5 54.
Bxd8 Nd7 55. Bc7 Nc5 56. a5 Nb3 57. Bf4 Nxa5 58. Bxh6 Kf7 59. Bf4 Nc6 60. Kd2
a5 61. h6 Kg6 62. e5 a4 63. e6 a3 64. Kc1 Ne7 65. Bg5 Nc8 66. Kb1 1-0

[Event "8. Open Bali sub-2300"]
[Site "Benidorm ESP"]
[Date "2009.11.28"]
[Round "1.9"]
[White "Aranda Gonzalez, Jose"]
[Black "Leichtfried, Hans-Martin"]
[Result "1-0"]
[WhiteElo "2276"]
[BlackElo "2102"]
[PlyCount "29"]
[EventDate "2009.11.28"]
[EventType "swiss"]
[EventRounds "10"]
[EventCountry "ESP"]
[Source "lmi"]
[SourceDate "2009.11.28"]

1. e4 c5 2. Nc3 Nc6 3. g3 g6 4. Bg2 Bg7 5. d3 d6 6. f4 e6 7. Nf3 Nge7 8. O-O
O-O 9. Be3 Nd4 10. e5 Nec6 11. exd6 Nxf3+ 12. Qxf3 Bxc3 13. bxc3 Qxd6 14. Rab1
a6 15. Qf2 1-0

[Event "8. Open Bali sub-2300"]
[Site "Benidorm ESP"]
[Date "2009.11.28"]
[Round "1.10"]
[White "Navarro Lopez-Menchero, Daniel"]
[Black "Longa Yauca, Javier"]
[Result "1/2-1/2"]
[WhiteElo "2100"]
[BlackElo "2267"]
[PlyCount "107"]
[EventDate "2009.11.28"]
[EventType "swiss"]
[EventRounds "10"]
[EventCountry "ESP"]
[Source "lmi"]
[SourceDate "2009.11.28"]

1. e4 e6 2. d4 d5 3. Nc3 Nf6 4. Bg5 Be7 5. e5 Nfd7 6. Bxe7 Qxe7 7. f4 a6 8. Qd2
c5 9. Nf3 Nc6 10. O-O-O b5 11. dxc5 Qxc5 12. Ne2 O-O 13. Ned4 Nxd4 14. Qxd4 f6
15. exf6 Rxf6 16. g3 Bb7 17. Bh3 Qxd4 18. Nxd4 Nf8 19. Rhe1 Bc8 20. Re5 g6 21.
Rde1 Kf7 22. R5e3 Ke7 23. Nc6+ Kd6 24. Ne5 Ra7 25. Rc3 Rc7 26. Rxc7 Kxc7 27.
Re3 Kd6 28. b4 Nd7 29. Nxd7 Bxd7 30. Kd2 h6 31. Ra3 Bc8 32. Bg4 Bb7 33. h4 g5
34. fxg5 hxg5 35. h5 Rf2+ 36. Kc1 Rh2 37. Rf3 d4 38. Rf6 Bd5 39. Rg6 Bxa2 40.
Rxg5 Bd5 41. Bd1 e5 42. Rg6+ Ke7 43. h6 Bf7 44. Rxa6 e4 45. g4 Rh1 46. Ra1 Rxh6
47. Kb2 Rh2 48. Ra7+ Ke6 49. g5 Rg2 50. Ra6+ Kd5 51. Rf6 Be6 52. Bh5 e3 53. Bd1
Ke5 54. Ka3 1/2-1/2

[Event "8. Open Bali sub-2300"]
[Site "Benidorm ESP"]
[Date "2009.11.28"]
[Round "1.11"]
[White "Lapicki, Raul"]
[Black "Abella Vazquez, Cesar"]
[Result "1/2-1/2"]
[WhiteElo "2266"]
[BlackElo "2094"]
[PlyCount "54"]
[EventDate "2009.11.28"]
[EventType "swiss"]
[EventRounds "10"]
[EventCountry "ESP"]
[Source "lmi"]
[SourceDate "2009.11.28"]

1. e4 e6 2. d4 d5 3. e5 c5 4. c3 Nc6 5. Nf3 Nh6 6. a3 Nf5 7. b4 cxd4 8. cxd4
Be7 9. Bb2 O-O 10. Bd3 f6 11. O-O fxe5 12. dxe5 Bd7 13. Nbd2 Be8 14. h3 Qb6 15.
Nb3 Bg6 16. Kh2 Nh4 17. Nxh4 Bxd3 18. Qxd3 Rxf2 19. Bd4 Nxd4 20. Rxf2 Bxh4 21.
Rf4 Nf5 22. Rf3 Qc7 23. Qe2 Bg3+ 24. Rxg3 Nxg3 25. Kxg3 Qc3+ 26. Qf3 Qxe5+ 27.
Qf4 Qc3+ 1/2-1/2

[Event "8. Open Bali sub-2300"]
[Site "Benidorm ESP"]
[Date "2009.11.28"]
[Round "1.12"]
[White "Budisin, Stanislav"]
[Black "Picazo Lopez, Juan Antonio"]
[Result "1-0"]
[WhiteElo "2090"]
[BlackElo "2264"]
[PlyCount "93"]
[EventDate "2009.11.28"]
[EventType "swiss"]
[EventRounds "10"]
[EventCountry "ESP"]
[Source "lmi"]
[SourceDate "2009.11.28"]

1. d4 d5 2. Nf3 c6 3. g3 Nf6 4. Bg2 Nbd7 5. O-O e6 6. Nbd2 Bd6 7. c4 O-O 8. b3
Re8 9. Bb2 a5 10. Qc2 e5 11. dxe5 Nxe5 12. Nxe5 Bxe5 13. Bxe5 Rxe5 14. Nf3 Rh5
15. cxd5 Rxd5 16. e4 Rd3 17. e5 Ng4 18. h3 Nh6 19. Rad1 Bf5 20. g4 Rxd1 21.
Qxd1 Be4 22. Re1 Bd5 23. Qc2 Qe7 24. Qd2 a4 25. Qf4 axb3 26. axb3 f6 27. exf6
Qxf6 28. Qe3 Qb2 29. Nd4 Bxg2 30. Kxg2 Rd8 31. Qe6+ Kh8 32. Nf5 Rd2 33. Rf1 Rd8
34. Qe7 Rg8 35. Nd6 Qxb3 36. g5 Qd5+ 37. Kg1 Qf3 38. Qe3 Qd5 39. Qe7 Qf3 40.
Qe6 b5 41. Re1 Rf8 42. Qe3 Qd5 43. Qe7 Qf3 44. Qe3 Qd5 45. Qe5 Qf3 46. Qg3
Qxg3+ 47. fxg3 1-0

[Event "8. Open Bali sub-2300"]
[Site "Benidorm ESP"]
[Date "2009.11.28"]
[Round "1.13"]
[White "Arata, Roberto Mario"]
[Black "Castellanos Bogalo, Antonio"]
[Result "1-0"]
[WhiteElo "2257"]
[BlackElo "2088"]
[PlyCount "57"]
[EventDate "2009.11.28"]
[EventType "swiss"]
[EventRounds "10"]
[EventCountry "ESP"]
[Source "lmi"]
[SourceDate "2009.11.28"]

1. d4 d5 2. c4 e5 3. dxe5 d4 4. a3 a5 5. Nf3 Nc6 6. Bg5 Be7 7. Bf4 g5 8. Bg3 h5
9. h4 g4 10. Nfd2 Nh6 11. Bf4 Nf5 12. g3 Be6 13. Qc2 Qd7 14. Ne4 Rd8 15. Nbd2
Qc8 16. Qd3 Nb8 17. Ng5 Na6 18. Nde4 c5 19. Bg2 a4 20. Nxe6 Qxe6 21. Ng5 Bxg5
22. Bxg5 Qc8 23. Bf6 Rf8 24. Be4 Ne7 25. Qd2 Nc7 26. Qg5 Ne6 27. Qxh5 b5 28.
Bd5 bxc4 29. Bxc4 1-0

[Event "8. Open Bali sub-2300"]
[Site "Benidorm ESP"]
[Date "2009.11.28"]
[Round "1.14"]
[White "Rodriguez Ferrer, Pablo"]
[Black "Lillo Castay, Victor"]
[Result "0-1"]
[WhiteElo "2088"]
[BlackElo "2256"]
[PlyCount "56"]
[EventDate "2009.11.28"]
[EventType "swiss"]
[EventRounds "10"]
[EventCountry "ESP"]
[Source "lmi"]
[SourceDate "2009.11.28"]

1. e4 e5 2. Bc4 Nf6 3. d3 c6 4. Nf3 d5 5. exd5 cxd5 6. Bb5+ Bd7 7. Bxd7+ Nbxd7
8. O-O Bd6 9. Re1 O-O 10. Bg5 Qb6 11. b3 Rfe8 12. Nbd2 Rac8 13. c4 e4 14. dxe4
dxe4 15. Nh4 Be5 16. Rb1 Qc7 17. g3 Nc5 18. Ng2 Rcd8 19. Bxf6 Bxf6 20. Qc2 Qc6
21. Nf4 Bd4 22. Nd5 Bxf2+ 23. Kxf2 Nd3+ 24. Kg1 Nxe1 25. Rxe1 Rxd5 26. Rxe4
Qc5+ 27. Kh1 Rde5 28. Rxe5 Qxe5 0-1

[Event "8. Open Bali sub-2300"]
[Site "Benidorm ESP"]
[Date "2009.11.28"]
[Round "1.15"]
[White "Garbea, Bogdan"]
[Black "Muelas Cerezuela, Jose"]
[Result "1/2-1/2"]
[WhiteElo "2254"]
[BlackElo "2087"]
[PlyCount "115"]
[EventDate "2009.11.28"]
[EventType "swiss"]
[EventRounds "10"]
[EventCountry "ESP"]
[Source "lmi"]
[SourceDate "2009.11.28"]

1. d4 e6 2. c4 Nf6 3. Nc3 Bb4 4. e3 b6 5. Nf3 Bb7 6. Bd3 O-O 7. O-O d5 8. cxd5
exd5 9. Qc2 Re8 10. Ne5 Nbd7 11. f4 a6 12. a3 Bd6 13. Bd2 c5 14. Be1 Qc7 15.
Bh4 h6 16. Rae1 b5 17. Bf5 b4 18. Na4 c4 19. axb4 Bxb4 20. Rc1 Qd6 21. Nxd7
Nxd7 22. Bxd7 Qxd7 23. Nb6 Qg4 24. Nxa8 Qxh4 25. Nb6 Rxe3 26. Rcd1 Qg4 27. h3
Rxh3 28. Qf2 Rh4 29. Qf3 Qe6 30. Na4 Qf5 31. Nc5 Bc8 32. Ra1 a5 33. b3 Bd2 34.
bxc4 Rxf4 35. Qe2 Bc3 36. Rad1 Rxf1+ 37. Qxf1 Qxf1+ 38. Kxf1 dxc4 39. d5 Bb4
40. Ne4 Kf8 41. Kf2 f5 42. Ng3 c3 43. Ne2 Ke7 44. Ke3 Kd6 45. Kd4 c2 46. Rc1
Bc5+ 47. Kc3 Kxd5 48. Rxc2 Bb4+ 49. Kb3 Ba6 50. Ng3 Ke5 51. Rc6 Bd3 52. Nh5 Be4
53. Ra6 Bxg2 54. Nxg7 f4 55. Re6+ Kd4 56. Rxh6 Bf8 57. Rh4 Ke4 58. Ne6 1/2-1/2

[Event "8. Open Bali sub-2300"]
[Site "Benidorm ESP"]
[Date "2009.11.28"]
[Round "1.16"]
[White "Serrano Marhuenda, Salvador"]
[Black "Lopez Colon, Francisco"]
[Result "1-0"]
[WhiteElo "2085"]
[BlackElo "2251"]
[PlyCount "51"]
[EventDate "2009.11.28"]
[EventType "swiss"]
[EventRounds "10"]
[EventCountry "ESP"]
[Source "lmi"]
[SourceDate "2009.11.28"]

1. e4 d6 2. d4 Nf6 3. Nc3 g6 4. f4 Bg7 5. Nf3 O-O 6. Bd3 Nfd7 7. O-O c5 8. d5
Qa5 9. Kh1 a6 10. Bd2 Qc7 11. a4 e6 12. dxe6 fxe6 13. Ng5 Re8 14. f5 gxf5 15.
exf5 Nf6 16. fxe6 h6 17. Rxf6 Bxf6 18. Qh5 Rf8 19. Bh7+ Kh8 20. Nd5 Qg7 21. e7
Bxb2 22. exf8=Q+ Qxf8 23. Nf7+ Kxh7 24. Bxh6 Bg4 25. Ng5+ Kg8 26. Qg6+ 1-0

[Event "8. Open Bali sub-2300"]
[Site "Benidorm ESP"]
[Date "2009.11.28"]
[Round "1.18"]
[White "Subirachs Mancebo, Guillem"]
[Black "Cantero, Antonio"]
[Result "1/2-1/2"]
[WhiteElo "2084"]
[BlackElo "2248"]
[PlyCount "47"]
[EventDate "2009.11.28"]
[EventType "swiss"]
[EventRounds "10"]
[EventCountry "ESP"]
[Source "lmi"]
[SourceDate "2009.11.28"]

1. e4 e5 2. Nf3 Nc6 3. d4 exd4 4. Nxd4 Nf6 5. Nxc6 bxc6 6. Bd3 d5 7. exd5 cxd5
8. O-O Be7 9. Nd2 O-O 10. h3 c5 11. c3 Rb8 12. Re1 Bd6 13. Nf3 Rb6 14. Qa4 c4
15. Bf1 Bb8 16. Qc2 Ne4 17. Bxc4 Nxf2 18. Qxf2 dxc4 19. Bg5 f6 20. Be3 Rb5 21.
Bc5 Bd6 22. Bxd6 Qxd6 23. Rad1 Qc7 24. Rd2 1/2-1/2

[Event "8. Open Bali sub-2300"]
[Site "Benidorm ESP"]
[Date "2009.11.28"]
[Round "1.21"]
[White "Ibarra Jerez, Juan Miguel"]
[Black "Ladron De Guevara Pinto, Paolo"]
[Result "1-0"]
[WhiteElo "2244"]
[BlackElo "2078"]
[PlyCount "83"]
[EventDate "2009.11.28"]
[EventType "swiss"]
[EventRounds "10"]
[EventCountry "ESP"]
[Source "lmi"]
[SourceDate "2009.11.28"]

1. e4 e6 2. d4 d5 3. Nd2 Nf6 4. e5 Nfd7 5. f4 c5 6. c3 Nc6 7. Ndf3 cxd4 8. cxd4
Bb4+ 9. Bd2 Qa5 10. Ne2 Bxd2+ 11. Qxd2 Qxd2+ 12. Kxd2 Nb6 13. Nc3 a6 14. h4 h5
15. Be2 Bd7 16. b3 Rc8 17. Rag1 g6 18. g4 hxg4 19. Rxg4 Ke7 20. Bd3 Nb4 21. Bb1
Nc6 22. Rg5 Rh6 23. Nd1 Be8 24. Ne3 Rh8 25. h5 Rxh5 26. Rgxh5 gxh5 27. Rxh5 a5
28. a4 Kd8 29. Rh7 Rc7 30. Ng4 Nd7 31. f5 b6 32. Rh8 Rc8 33. Nh6 Kc7 34. f6 Kb8
35. Bd3 Kb7 36. Rg8 Ndb8 37. Bb5 Nd7 38. Rg7 Na7 39. Nxf7 Nxb5 40. axb5 Kc7 41.
Nd6 Ra8 42. Ng5 1-0

[Event "8. Open Bali sub-2300"]
[Site "Benidorm ESP"]
[Date "2009.11.28"]
[Round "1.23"]
[White "Vlashki, Nino"]
[Black "Jordan Martinez, Miguel"]
[Result "0-1"]
[WhiteElo "2292"]
[BlackElo "2077"]
[PlyCount "72"]
[EventDate "2009.11.28"]
[EventType "swiss"]
[EventRounds "10"]
[EventCountry "ESP"]
[Source "lmi"]
[SourceDate "2009.11.28"]

1. e4 e6 2. d3 c5 3. Nf3 Nc6 4. g3 Nge7 5. Bg2 g6 6. h4 Bg7 7. h5 d6 8. c3 e5
9. h6 Bf6 10. Nh2 Ng8 11. Na3 Bg5 12. Bxg5 Qxg5 13. Nc4 Qe7 14. Nf1 Nf6 15.
Nfe3 O-O 16. a4 b6 17. Qb3 Be6 18. Nd5 Bxd5 19. exd5 Na5 20. Nxa5 bxa5 21. Qc4
Rab8 22. Rb1 Rfc8 23. O-O Rc7 24. f4 Ng4 25. fxe5 Nxe5 26. Qe4 f5 27. Qe3 Ng4
28. Qf4 Qe5 29. Qf3 Re7 30. Bh3 Nxh6 31. Rbe1 Qxe1 32. Rxe1 Rxe1+ 33. Kf2 Rbe8
34. Qf4 R8e2+ 35. Kf3 Nf7 36. d4 h6 0-1

[Event "8. Open Bali sub-2300"]
[Site "Benidorm ESP"]
[Date "2009.11.28"]
[Round "1.25"]
[White "Ballesteros Gonzalez, David"]
[Black "Edwards, Ray B"]
[Result "1-0"]
[WhiteElo "2240"]
[BlackElo "2076"]
[PlyCount "80"]
[EventDate "2009.11.28"]
[EventType "swiss"]
[EventRounds "10"]
[EventCountry "ESP"]
[Source "lmi"]
[SourceDate "2009.11.28"]

1. d4 d5 2. c4 e6 3. Nc3 Be7 4. Nf3 Nf6 5. Bg5 O-O 6. e3 h6 7. Bh4 Ne4 8. Bxe7
Qxe7 9. Qc2 Nxc3 10. Qxc3 dxc4 11. Bxc4 b6 12. b4 Bb7 13. Be2 Rc8 14. O-O Nd7
15. Rac1 Qd6 16. Nd2 e5 17. Bf3 Bxf3 18. Nxf3 exd4 19. Nxd4 c5 20. Nf5 Qf8 21.
b5 g6 22. Rfd1 Rd8 23. Nd6 Qe7 24. Nc4 Qf6 25. Qa3 Nf8 26. h3 Ne6 27. Qb3 Rxd1+
28. Rxd1 Rd8 29. Rc1 Qf5 30. a4 Ng5 31. Rd1 Rxd1+ 32. Qxd1 Ne4 33. f3 Nc3 34.
Qd8+ Kg7 35. Nd6 Qb1+ 36. Kf2 Qd1 37. Ne8+ Kf8 38. Nd6+ Kg7 39. Qe7 Qd5 40. Kg3
Qa2 1-0

[Event "8. Open Bali sub-2300"]
[Site "Benidorm ESP"]
[Date "2009.11.28"]
[Round "1.27"]
[White "Sabater Sanchez, Asensio"]
[Black "Martin Martin, Luis Vicente"]
[Result "1-0"]
[WhiteElo "2230"]
[BlackElo "2074"]
[PlyCount "47"]
[EventDate "2009.11.28"]
[EventType "swiss"]
[EventRounds "10"]
[EventCountry "ESP"]
[Source "lmi"]
[SourceDate "2009.11.28"]

1. Nf3 b5 2. e3 a6 3. c4 bxc4 4. Bxc4 d5 5. Be2 Nf6 6. d4 e6 7. Qc2 Bd6 8. O-O
O-O 9. Nbd2 Nbd7 10. Nb3 e5 11. dxe5 Nxe5 12. Nbd4 c5 13. Nxe5 Bxe5 14. Qxc5
Bb7 15. Nf3 Bb8 16. Bd2 Ne4 17. Qb4 Bc6 18. Bc3 Bd6 19. Qd4 f6 20. Bb4 a5 21.
Bxd6 Qxd6 22. Rfd1 Rfb8 23. Qxe4 Rxb2 24. Bf1 1-0

[Event "8. Open Bali sub-2300"]
[Site "Benidorm ESP"]
[Date "2009.11.28"]
[Round "1.28"]
[White "Mascarell Canet, Ricardo"]
[Black "Lacrosse, Marc"]
[Result "1-0"]
[WhiteElo "2070"]
[BlackElo "2228"]
[PlyCount "84"]
[EventDate "2009.11.28"]
[EventType "swiss"]
[EventRounds "10"]
[EventCountry "ESP"]
[Source "lmi"]
[SourceDate "2009.11.28"]

1. e4 e5 2. Nf3 Nc6 3. Bb5 a6 4. Bc4 Nf6 5. O-O Nxe4 6. d4 b5 7. Bb3 d5 8. dxe5
Be6 9. Nbd2 Be7 10. c3 O-O 11. Bc2 f5 12. Nd4 Nxd4 13. cxd4 c5 14. Nf3 c4 15.
g3 Rc8 16. h4 h6 17. Kg2 c3 18. b3 Rc6 19. Rh1 Qe8 20. Ne1 Qg6 21. Nd3 Qg4 22.
Nf4 Qxd1 23. Rxd1 Bb4 24. a3 Ba5 25. b4 Bb6 26. f3 Nd2 27. Bxd2 cxd2 28. Rxd2
Kf7 29. Bb3 Rd8 30. Ne2 Rdc8 31. Raa2 g5 32. h5 a5 33. Rdc2 a4 34. Rxc6 Rxc6
35. Bd1 Rc4 36. Rc2 Ke7 37. Rxc4 dxc4 38. Kf2 Bf7 39. Bc2 Ke6 40. g4 Kd5 41.
gxf5 Bxd4+ 42. Nxd4 Kxd4 1-0

[Event "8. Open Bali sub-2300"]
[Site "Benidorm ESP"]
[Date "2009.11.28"]
[Round "1.30"]
[White "Machin Arbelo, Pedro Alexis"]
[Black "Montero Fernandez, Oscar"]
[Result "0-1"]
[WhiteElo "2056"]
[BlackElo "2223"]
[PlyCount "32"]
[EventDate "2009.11.28"]
[EventType "swiss"]
[EventRounds "10"]
[EventCountry "ESP"]
[Source "lmi"]
[SourceDate "2009.11.28"]

1. e4 c5 2. Nf3 e6 3. c3 d5 4. exd5 exd5 5. d4 Bd6 6. Bb5+ Nc6 7. Bg5 Nge7 8.
Ne5 f6 9. Bxf6 O-O 10. Bh4 Qc7 11. Nxc6 bxc6 12. dxc5 Bxc5 13. Bd3 Qf4 14. Qh5
g6 15. Qg5 Bxf2+ 16. Kd1 Qxh4 0-1

[Event "8. Open Bali sub-2300"]
[Site "Benidorm ESP"]
[Date "2009.11.29"]
[Round "2.1"]
[White "Sanchez Jerez, Emilio Miguel"]
[Black "Richardson, Keith B"]
[Result "1-0"]
[WhiteElo "2298"]
[BlackElo "2189"]
[PlyCount "82"]
[EventDate "2009.11.28"]
[EventType "swiss"]
[EventRounds "10"]
[EventCountry "ESP"]
[Source "lmi"]
[SourceDate "2009.11.28"]

1. e4 g6 2. d4 Bg7 3. Nc3 d6 4. Nf3 Nc6 5. Be3 Nf6 6. d5 Nb8 7. Qd2 O-O 8. Be2
c6 9. O-O Nbd7 10. h3 Qc7 11. Nd4 a6 12. a4 cxd5 13. Nxd5 Qd8 14. Nc3 Nc5 15.
Bf3 Bd7 16. Rfe1 Rc8 17. a5 Rb8 18. b4 Ne6 19. Nde2 Bc6 20. Rad1 Nd7 21. Ng3 b6
22. axb6 Nxb6 23. Be2 Bb7 24. Nd5 Na4 25. c4 Nc7 26. Rc1 e6 27. Nb6 Nxb6 28.
Bxb6 Bc6 29. c5 d5 30. Bxa6 Qd7 31. Bf1 Nb5 32. exd5 exd5 33. Red1 d4 34. Bc4
Nc3 35. Re1 Nd5 36. Ba5 Ra8 37. Ne2 Nf6 38. Qxd4 Nd5 39. Qd2 Rfe8 40. Red1 Ba4
41. Qxd5 Qd8 1-0

[Event "8. Open Bali sub-2300"]
[Site "Benidorm ESP"]
[Date "2009.11.29"]
[Round "2.2"]
[White "Taras, Dan-Gheorghe"]
[Black "Avila Jimenez, Javier"]
[Result "1-0"]
[WhiteElo "2293"]
[BlackElo "2182"]
[PlyCount "76"]
[EventDate "2009.11.28"]
[EventType "swiss"]
[EventRounds "10"]
[EventCountry "ESP"]
[Source "lmi"]
[SourceDate "2009.11.28"]

1. d4 d5 2. c4 c6 3. e3 Nf6 4. Nf3 Bf5 5. Qb3 Qb6 6. c5 Qxb3 7. axb3 Nbd7 8.
Nc3 e5 9. dxe5 Ng4 10. Nd4 Bg6 11. f4 Bxc5 12. h3 Bxd4 13. exd4 Nh6 14. g4 Bc2
15. b4 Nb6 16. f5 Ng8 17. Rh2 Bb3 18. Ra3 Bc4 19. b3 Bxf1 20. Kxf1 a6 21. Na4
Nd7 22. Re2 Ne7 23. Bg5 h6 24. Bh4 g5 25. fxg6 fxg6 26. Rf2 g5 27. Bg3 Rf8 28.
Raa2 Rxf2+ 29. Rxf2 Ng6 30. e6 Ndf8 31. Nb6 Rd8 32. Bc7 Nf4 33. Bxd8 Kxd8 34.
Nd7 N8xe6 35. Nc5 Nxd4 36. Nxa6 bxa6 37. Ra2 Kd7 38. Rh2 Nfe6 1-0

[Event "8. Open Bali sub-2300"]
[Site "Benidorm ESP"]
[Date "2009.11.29"]
[Round "2.3"]
[White "Trepat Herranz, Joan"]
[Black "Lanza, Luciano"]
[Result "1-0"]
[WhiteElo "2284"]
[BlackElo "2178"]
[PlyCount "93"]
[EventDate "2009.11.28"]
[EventType "swiss"]
[EventRounds "10"]
[EventCountry "ESP"]
[Source "lmi"]
[SourceDate "2009.11.28"]

1. d4 Nf6 2. c4 g6 3. Nc3 Bg7 4. e4 d6 5. Be2 O-O 6. Nf3 e5 7. O-O Nc6 8. d5
Ne7 9. Ne1 Nd7 10. Nd3 f5 11. Bd2 Nf6 12. f3 c5 13. Rb1 Kh8 14. b4 cxb4 15.
Rxb4 b6 16. a4 f4 17. a5 bxa5 18. Rb1 Ba6 19. Nb5 Nc8 20. Qa4 Nb6 21. Qa2 Bxb5
22. Rxb5 Qe7 23. Rxa5 g5 24. Bb4 g4 25. c5 gxf3 26. Bxf3 Nc8 27. Qa3 Ne8 28.
Ra6 Rf6 29. cxd6 Ncxd6 30. Ra1 Rh6 31. Rxa7 Rxa7 32. Qxa7 Qh4 33. h3 Qf6 34.
Qb8 Bf8 35. Ra8 Kg8 36. Bc3 Rxh3 37. gxh3 Qg6+ 38. Bg2 f3 39. Ra2 Nxe4 40. Bxe5
f2+ 41. Nxf2 Bc5 42. Qb3 Nxf2 43. d6+ Kf8 44. Rxf2+ Bxf2+ 45. Kxf2 Nxd6 46.
Qb8+ Ne8 47. Qb4+ 1-0

[Event "8. Open Bali sub-2300"]
[Site "Benidorm ESP"]
[Date "2009.11.29"]
[Round "2.4"]
[White "Chueca Forcen, Alberto"]
[Black "Lopez Perdomo, Juan David"]
[Result "1-0"]
[WhiteElo "2280"]
[BlackElo "2166"]
[PlyCount "85"]
[EventDate "2009.11.28"]
[EventType "swiss"]
[EventRounds "10"]
[EventCountry "ESP"]
[Source "lmi"]
[SourceDate "2009.11.28"]

1. d4 e6 2. c4 c5 3. d5 exd5 4. cxd5 d6 5. Nc3 Nf6 6. e4 g6 7. f4 Bg7 8. Bb5+
Nfd7 9. Nf3 a6 10. Bd3 O-O 11. O-O b5 12. Kh1 c4 13. Bc2 Re8 14. Be3 Nf6 15. e5
Ng4 16. Bd4 dxe5 17. fxe5 Nxe5 18. Nxe5 Bxe5 19. Bxe5 Rxe5 20. Qf3 Ra7 21. d6
Be6 22. Rad1 Rd7 23. Qf4 Rh5 24. g4 Rh4 25. Ne4 Bf5 26. Qe5 Bxe4+ 27. Bxe4 Rxg4
28. Bd5 Rg5 29. Qd4 Qc8 30. Qf6 Rxd5 31. Rxd5 Nc6 32. Re1 Qf8 33. a3 Qa8 34.
Kg1 Qd8 35. Qxd8+ Rxd8 36. Re7 Nb8 37. Ra7 Nd7 38. Rxa6 Kg7 39. Kf2 Nf6 40.
Rxb5 c3 41. bxc3 Ne4+ 42. Kf3 Nxd6 43. Rd5 1-0

[Event "8. Open Bali sub-2300"]
[Site "Benidorm ESP"]
[Date "2009.11.29"]
[Round "2.5"]
[White "Grigoriev, Ivan"]
[Black "Aranda Gonzalez, Jose"]
[Result "0-1"]
[WhiteElo "2191"]
[BlackElo "2276"]
[PlyCount "51"]
[EventDate "2009.11.28"]
[EventType "swiss"]
[EventRounds "10"]
[EventCountry "ESP"]
[Source "lmi"]
[SourceDate "2009.11.28"]

1. g3 d5 2. Nf3 g6 3. c4 c6 4. Bg2 Bg7 5. O-O Nf6 6. d3 O-O 7. Nbd2 Re8 8. Rb1
e5 9. b4 e4 10. dxe4 dxe4 11. Ng5 Bf5 12. Ndxe4 Nbd7 13. f3 h6 14. Nxf6+ Nxf6
15. e4 Bd7 16. Nh3 Be6 17. Qb3 b5 18. Rd1 Qc8 19. Nf4 Bxc4 20. Qc2 c5 21. Be3
cxb4 22. Rxb4 g5 23. Nd3 Nd5 24. exd5 Rxe3 25. Nf2 Qc5 26. Nd3 0-1

[Event "8. Open Bali sub-2300"]
[Site "Benidorm ESP"]
[Date "2009.11.29"]
[Round "2.6"]
[White "Sanchez Barbado, Carlos"]
[Black "Arata, Roberto Mario"]
[Result "1-0"]
[WhiteElo "2183"]
[BlackElo "2257"]
[PlyCount "29"]
[EventDate "2009.11.28"]
[EventType "swiss"]
[EventRounds "10"]
[EventCountry "ESP"]
[Source "lmi"]
[SourceDate "2009.11.28"]

1. e4 e5 2. Nf3 Nc6 3. Nc3 Nf6 4. d4 exd4 5. Nxd4 Nxd4 6. Qxd4 d6 7. Bg5 Be7 8.
O-O-O O-O 9. e5 Ne8 10. Bxe7 Qxe7 11. exd6 Qxd6 12. Qxd6 Nxd6 13. Nd5 Ne8 14.
Ne7+ Kh8 15. Rd8 1-0

[Event "8. Open Bali sub-2300"]
[Site "Benidorm ESP"]
[Date "2009.11.29"]
[Round "2.8"]
[White "Lillo Castay, Victor"]
[Black "Murcia Paredes, Angel"]
[Result "1-0"]
[WhiteElo "2256"]
[BlackElo "2153"]
[PlyCount "63"]
[EventDate "2009.11.28"]
[EventType "swiss"]
[EventRounds "10"]
[EventCountry "ESP"]
[Source "lmi"]
[SourceDate "2009.11.28"]

1. e4 e5 2. Nf3 Nc6 3. d4 exd4 4. Nxd4 Bc5 5. Be3 Qf6 6. c3 Nge7 7. Bc4 d6 8.
O-O Qg6 9. Nb5 O-O 10. Nxc7 Bg4 11. Be2 Bxe2 12. Qxe2 Rac8 13. Bxc5 dxc5 14.
Nb5 a6 15. N5a3 f5 16. Nd2 Kh8 17. Rad1 b5 18. f4 fxe4 19. Nxe4 Nf5 20. Qf2 c4
21. Nc5 Nfe7 22. Nxa6 Ne5 23. Qe3 Nf5 24. Qxe5 Qxa6 25. Rfe1 Qb6+ 26. Kh1 Rc5
27. Qe6 Rc6 28. Qxf5 Rcf6 29. Qg5 Qf2 30. Rf1 Qe2 31. Qc5 Qxb2 32. Qb4 1-0

[Event "8. Open Bali sub-2300"]
[Site "Benidorm ESP"]
[Date "2009.11.29"]
[Round "2.9"]
[White "Agrest, Inna"]
[Black "Renteria, Jorge"]
[Result "0-1"]
[WhiteElo "2180"]
[BlackElo "2248"]
[PlyCount "83"]
[EventDate "2009.11.28"]
[EventType "swiss"]
[EventRounds "10"]
[EventCountry "ESP"]
[Source "lmi"]
[SourceDate "2009.11.28"]

1. e4 c5 2. Nf3 d6 3. d4 cxd4 4. Nxd4 Nf6 5. Nc3 a6 6. Bg5 Nc6 7. Qd2 e6 8.
O-O-O h6 9. Be3 Be7 10. f3 Nxd4 11. Bxd4 e5 12. Be3 Be6 13. g4 Qa5 14. Kb1 Rc8
15. Nd5 Qxd2 16. Rxd2 Nxd5 17. exd5 Bd7 18. Bd3 g6 19. h4 h5 20. g5 Bf8 21. Rf1
Bg7 22. f4 O-O 23. fxe5 Bxe5 24. Bf4 Bh3 25. Rff2 Rfe8 26. c4 b5 27. b3 bxc4
28. Bxe5 cxd3 29. Bxd6 Red8 30. Rf6 Bf5 31. Kb2 Rd7 32. a4 a5 33. Bf4 Rxd5 34.
Rd6 Rdc5 35. Rb6 Rc2+ 36. Rxc2 Rxc2+ 37. Ka3 Kf8 38. Rd6 Ke7 39. Rd4 f6 40.
gxf6+ Kxf6 41. Rd6+ Ke7 42. Rd5 0-1